Dr. B.R. Ambedkar : (Record no. 134708)

MARC details
000 -LEADER
fixed length control field 00683nam a22002297a 4500
005 - DATE AND TIME OF LATEST TRANSACTION
control field 20170124110232.0
010 ## - LIBRARY OF CONGRESS CONTROL NUMBER
LC control number A-710390
020 ## - INTERNATIONAL STANDARD BOOK NUMBER
Terms of availability 150.00
035 ## - SYSTEM CONTROL NUMBER
System control number A-710390
037 ## - SOURCE OF ACQUISITION
Source of stock number/acquisition Cen Lib/Ret
040 ## - CATALOGING SOURCE
Original cataloging agency DPL
Language of cataloging EN
082 ## - DEWEY DECIMAL CLASSIFICATION NUMBER
Classification number 921
Item number DHA
100 ## - MAIN ENTRY--PERSONAL NAME
Personal name Dhawan, S.K.
9 (RLIN) 28333
245 ## - TITLE STATEMENT
Title Dr. B.R. Ambedkar :
Statement of responsibility, etc by S.K. Dhawan
Remainder of title a select profile (1891-1956) /
260 ## - PUBLICATION, DISTRIBUTION, ETC. (IMPRINT)
Place of publication, distribution, etc Delhi
Name of publisher, distributor, etc Wave Publications
Date of publication, distribution, etc 1991
270 ## - ADDRESS
City Delhi
Address 921, mukherji nagar
Postal code 110009
300 ## - PHYSICAL DESCRIPTION
Extent 114p.
Dimensions 21cm(Hb)
500 ## - GENERAL NOTE
General note Includes bibliographical references and index
650 ## - SUBJECT ADDED ENTRY--TOPICAL TERM
Topical term or geographic name as entry element Political science
9 (RLIN) 41518
650 ## - SUBJECT ADDED ENTRY--TOPICAL TERM
Topical term or geographic name as entry element Statesmen
9 (RLIN) 8466
942 ## - ADDED ENTRY ELEMENTS (KOHA)
Source of classification or shelving scheme Dewey Decimal Classification
Koha item type English Books
Classification part 921
Call number suffix DHA
Holdings
Withdrawn status Lost status Damaged status Not for loan Collection code Home library Current library Date acquired Source of acquisition Cost, normal purchase price Total Checkouts Full call number Barcode Date last seen Copy number Cost, replacement price Price effective from Koha item type
      Not For Loan Reference Central Library Central Library 31/07/2015 Cen Lib/Ret 150.00   921 DHA A-710390 31/07/2015 1 150.00 31/07/2015 English Books

© Delhi Public Library
Hit Counter
free hit counter